Manual of Nursing Arts and Procedures (Record no. 7745)
[ view plain ]
| 000 -LEADER | |
|---|---|
| fixed length control field | 00433nam a2200145 4500 |
| 020 ## - INTERNATIONAL STANDARD BOOK NUMBER | |
| ISBN | 9788125918769 |
| 050 ## - CALL NUMBER | |
| Classification number | RT52 |
| Item number | .R36 |
| 100 ## - AUTHOR | |
| Personal name | Ram, Lily Pritam Telu |
| 245 ## - TITLE | |
| Title | Manual of Nursing Arts and Procedures |
| Statement of responsibility, etc | by Lily Pirtam Telu Ram |
| 260 ## - PUBLICATION INFORMATION | |
| Place of publication | New Delhi |
| Name of publisher | Vikas Publishing House |
| 300 ## - DESCRIPTION | |
| Number of Pages | ix, 304pp; |
| 500 ## - NOTES | |
| General note | includes bibliographic reference and index |
| 650 ## - SUBJECTS | |
| Topical Term | Nursing Manual |
| General subdivision | Nursing Procedures |
| 942 ## - ADDED ENTRY ELEMENTS (KOHA) | |
| Koha item type | Books |
| Withdrawn status | Lost status | Home library | Current library | Date acquired | Full call number | Accession Number | Koha item type |
|---|---|---|---|---|---|---|---|
| Methodist University Library Wenchi Nursing | Methodist University Library Wenchi Nursing | 23/09/2021 | RT52 .R36 | 33764 | Books | ||
| Methodist University Library Wenchi Nursing | Methodist University Library Wenchi Nursing | 23/09/2021 | RT52 .R36 | 33765 | Books |